[Event "Kaspersky op U16"]
[Site "Tornelo INT"]
[Date "2021.04.02"]
[Round "10"]
[White "Amgalantengis, Enkh Amgalan"]
[Black "Kfir, Nadav"]
[Result "0-1"]
[WhiteElo "1878"]
[BlackElo "1389"]
[PlyCount "28"]
[EventDate "2021.04.02"]
[EventType "swiss (blitz)"]
[EventRounds "11"]
[EventCountry "RUS"]
[SourceTitle "CBM 201 Extra"]
[Source "ChessBase"]
[SourceDate "2021.05.31"]
[SourceVersion "1"]
[SourceVersionDate "2021.05.31"]
[SourceQuality "1"]

1. d4 Nf6 2. c4 e6 3. Nf3 b6 4. e3 Bb7 5. Nbd2 d5 6. Bd3 dxc4 7. Nxc4 c5 8. 0-0 cxd4 9. Nxd4 Nc6 10. Qa4 Qd7 11. Ne5 Nxe5 12. Bb5 Nc6 13. Nxc6 a6 14. Ne5 Qxb5 0-1